| 000 | 01016nam a2200313 a 4500 | ||
|---|---|---|---|
| 003 | AR-BaBNM | ||
| 005 | 20251128210729.0 | ||
| 008 | 082120s2002 ||||||||||||||000 | spa|| | ||
| 020 | _a950-00-0347-3 | ||
| 040 | _cAR-BaBNM | ||
| 245 | 0 | 0 |
_aEGB 2 _bciencias naturales |
| 250 | _a1ª ed. | ||
| 260 |
_aBuenos Aires _bMinisterio de Educación. Programa Nacional de Innovaciones Educativas _c2000 |
||
| 300 |
_a24 p. _bil., tablas, fot. |
||
| 490 | 0 | _aPropuestas para el aula. Material para docentes | |
| 650 | 4 | _aACTIVIDADES DE APRENDIZAJE | |
| 653 | _aSEGUNDO CICLO DE LA EGB | ||
| 653 | _aPROYECTOS DE AULA | ||
| 653 | _aINNOVACIONES EDUCATIVAS | ||
| 653 | _aENSEÑANZA DE LAS CIENCIAS NATURALES | ||
| 700 | 1 |
_aLabate, Hugo _ecoordinador |
|
| 700 | 1 | _aBahamonde, Nora | |
| 700 | 1 | _aBaraldo, Luis | |
| 700 | 1 | _aBocalandro, Noemí | |
| 700 | 1 | _aTignanelli, Horacio | |
| 810 | 1 |
_aArgentina _bMinisterio de Educación _bPrograma Nacional de Innovaciones Educativas |
|
| 942 | _cBK | ||
| 998 | _cRAQUEL | ||
| 999 |
_c16642 _d16642 |
||